000 00540nam a2200181 a 4500
001 000035064
005 20200930074100.0
008 111024s1959 fr 000 0 spa d
040 _aDO-SdBNP
_bspa
_cBNPHU
100 1 _aIgot, Yves.
_960711
245 1 0 _aMonsieur et madame curie /
_cYves Igot.
260 _aParís :
_bDidier,
_c1959.
300 _a83 p. ;
_c18 cm.
490 1 _aLire et savoir
_v4
590 _aPerteneció a la biblioteca personal de Juan Isidro Jimenes Grullón
830 0 _aLire et savoir
_v4
_938517
049 _aBNPD
999 _c34555
_d34555